| 000 | 01938nam2a22003731 4500 | ||
|---|---|---|---|
| 001 | RU\NLR\A1SV\50169 | ||
| 005 | 20251203152403.2 | ||
| 035 | _a(NLR Aleph) 009732181 | ||
| 090 |
_a13480856 _c13480856 |
||
| 100 | _a20040304d1925 u y0rusy50 ca | ||
| 101 | 0 | _arus | |
| 135 | _acrgn 008anaba | ||
| 200 | 0 | _aВып.1 | |
| 215 |
_a136 с. _cил. |
||
| 325 | _aКопия доступна в Электрон. б-ке РНБ | ||
| 327 | 1 | _aАвт. ст.: Е.А.Мальцева, М.Я.Серейский, С.Н.Беляева-Экземплярская, Э.К.Розенов | |
| 461 | 1 |
_1001RU\NLR\A1SV\50168 _12000#$aСборник работ физиолого-психологической секции$vВып.1 _99913649 _aИнститут музыкальной науки (Москва). Физиолого-психологическая секция _cМ. _d1925 _nГос. изд. Муз. сектор _tСборник работ физиолого-психологической секции _vВып.1 |
|
| 702 | 1 |
_aМальцева _bЕ.А. |
|
| 702 | 1 |
_aСерейский _bМ.Я. _f1886-1957 _gМарк Яковлевич |
|
| 702 | 1 |
_aБеляева-Экземплярская _bС.Н. _f1895-1973 _gСофия Николаевна |
|
| 702 | 1 |
_aРозенов _bЭ.К. _f1861-1935 _gЭмилий Карлович |
|
| 801 | 0 |
_aRU _bNLR _c20040304 |
|
| 852 |
_aNLR _j21/27 |
||
| 856 | 0 | _uhttps://vivaldi.nlr.ru/bx000026913/view | |
| 856 | 1 | _uhttps://vivaldi.nlr.ru/bx000026913/cover | |
| 856 | 2 | _uhttps://vivaldi.nlr.ru/bx000026913/text | |
| 942 | _cBOOK | ||
| 980 | _aA1SV | ||
| 980 | _aNB | ||
| 981 | 4 | 4 | _a(44) Оцифровано по рекомендациям читателей |
| 981 | 2 | 2 |
_a(22) Материалы по истории России _b(22) Культура. Наука. Просвещение. |